000 00709nam a2200265Ia 4500
005 20260121170117.0
008 008 260114s9999 xx 000 0 eng d
020 _a9783319535449
037 _aEBOOK
040 _aCRL
040 _beng
040 _cCRL
041 _2eng
041 _aeng
084 _qCRL
100 _aFederico Pous, Alejandro Quin, Marcelino Viera
_91059921
245 0 _aAuthoritarianism, Cultural History, and Political Resistance in Latin America
260 _bSpringer
260 _bSpringer
260 _c2018
856 _uhttps://link.springer.com/openurl?genre=book&isbn=978-3-319-53544-9
942 _cEBOOK
999 _c1625650
_d1625650